| 000 | 00429pab a2200169 454500 | ||
|---|---|---|---|
| 008 | 180718b2011 xxu||||| |||| 00| 0 eng d | ||
| 100 | _aDev, Krishna | ||
| 245 | _aInfrastructure scenario for the North East | ||
| 260 | _c2011 | ||
| 300 | _ap.18-22. | ||
| 362 | _aDec | ||
| 650 | _aInfrastructure development - India,North east | ||
| 650 | _aInfrastructure development | ||
| 773 | _aYojana | ||
| 908 | _aN | ||
| 909 | _a93841 | ||
| 999 |
_c93841 _d93841 |
||